Chargement en cours...
Indira Gandhi's emergence and style /
| Auteur principal: | |
|---|---|
| Format: | Printed Book |
| Langue: | English |
| Publié: |
New Delhi :
Vikas,
1978.
|
| LEADER | 00481nam a2200133Ia 4500 | ||
|---|---|---|---|
| 008 | 150624b xxu||||| |||| 00| 0 eng d | ||
| 082 | |a 320.9540442 | ||
| 100 | |a Nayantara Sahgal | ||
| 245 | |a Indira Gandhi's emergence and style / |c Nayantara Sahgal | ||
| 260 | |a New Delhi : |b Vikas, |c 1978. | ||
| 300 | |a 215 p. | ||
| 942 | |c BK | ||
| 999 | |c 21288 |d 21288 | ||
| 952 | |0 0 |1 0 |4 0 |6 320_954044200000000_SAH_I |7 0 |9 21287 |a UL |b UL |c ST2 |d 1998-09-01 |l 1 |o 320.9540442 SAH/I |p 31292 |r 2016-12-19 |s 2016-12-13 |w 2012-10-27 |y BK | ||